| 000 | 00683nam a2200229 a 4500 | ||
|---|---|---|---|
| 999 |
_c2455 _d2455 |
||
| 003 | UkOxU | ||
| 005 | 20210712051210.0 | ||
| 008 | 880427s1988 enka 001 0 eng d | ||
| 020 | _a0433000511 | ||
| 040 | _cALUPE UNIVERSITY | ||
| 050 | 0 |
_aRD137 _b.H8 1988 |
|
| 092 | _aD0400026135 | ||
| 100 | 1 | _aHutson, John M. | |
| 245 | 1 | 4 |
_aThe surgical examination of children / _cJohn M. Hutson, Spencer W. Beasley |
| 260 |
_aOxford : _bHeinemann Medical, _c1988 |
||
| 300 |
_a271 p. : _bill. ; _c25 cm |
||
| 650 | 0 |
_aChildren _xSurgery |
|
| 650 | 0 | _aDiagnosis, Surgical | |
| 700 | 1 | _aBeasley, Spencer W. | |
| 942 |
_2lcc _cBK _nSO |
||